|
|
|
|
| LEADER |
00000nam0a2200000 4500 |
| 001 |
33212 |
| 005 |
20231030212255.0 |
| 035 |
|
|
|a (RuTPU)RU\TPU\book\33538
|
| 035 |
|
|
|a BOOK00000189
|
| 090 |
|
|
|a 33212
|
| 100 |
|
|
|a 20011210d u y0 y50 ca
|
| 101 |
0 |
|
|a rus
|
| 102 |
|
|
|a RU
|
| 105 |
|
|
|a |y
|
| 200 |
1 |
|
|a Примеры и задачи по химии высокомолекулярных соединений (Радикальная полимеризация, ионная полимеризация, сополимеризация
|e учебное пособие
|
| 210 |
|
|
|a Москва
|c Высшая школа
|d 1984
|
| 215 |
|
|
|a 224 с.
|
| 610 |
1 |
|
|a химия
|a полимеризация
|a задачи
|a примеры
|a учебные пособия
|
| 675 |
|
|
|a 678(076)
|v 3
|
| 700 |
|
1 |
|a ЗИЛЬБЕРМАН
|g Ехиэл Наумович
|
| 701 |
|
1 |
|a Наволокина
|g Раиса Александровна
|
| 801 |
|
0 |
|a RU
|b 63413507
|c 20011210
|g PSBO
|
| 801 |
|
2 |
|a RU
|b 63413507
|c 20130722
|g PSBO
|
| 900 |
|
|
|a Химия и физика высокомолекулярных соединений
|
| 942 |
|
|
|c BK
|